000 00709nam a22002411 4500
001 33506
003 BD-RjUL
005 20211209052023.0
008 140508r19661961enk b 001 0 eng d
035 _a(BD-RjUL)33597
040 _aDLC
_cDLC
_dDLC
_dBD-RjUL
_beng
041 _aeng
082 0 0 _a301
_bJOS 1966
100 1 _aJohnson, Harry Morton,
_d1917-
_9101684
245 0 0 _aSociology :
_ba systematic introduction /
_c Harry Morton Johnson,
260 _aLondon :
_bRoutledge & Kegan paul Ltd,
_c1961 [Reprinted 1966]
300 _a689 p. ;
_c24 cm.
504 _aIncludes bibliography. and Index
650 0 _aSociology.
_9101685
942 _2ddc
_cBK
999 _c33506
_d33506